Techniques for controlling time and costs in arbitration (Record no. 107534)
[ view plain ]
| 000 -LEADER | |
|---|---|
| fixed length control field | 01259cad a22002055a 4500 |
| 001 - CONTROL NUMBER | |
| control field | L140721 |
| 008 - FIXED-LENGTH DATA ELEMENTS--GENERAL INFORMATION | |
| fixed length control field | 071008s2007 xxk f 000 0 eng d |
| 035 ## - SYSTEM CONTROL NUMBER | |
| System control number | (Sirsi) u140721 |
| 041 0# - LANGUAGE CODE | |
| Language code of text/sound track or separate title | eng |
| 050 04 - LIBRARY OF CONGRESS CALL NUMBER | |
| Classification number | 347.4109 $2 18 |
| 110 2# - MAIN ENTRY--CORPORATE NAME | |
| Corporate name or jurisdiction name as entry element | International Chamber of Commerce |
| 9 (RLIN) | 1250 |
| 245 00 - TITLE STATEMENT | |
| Title | Techniques for controlling time and costs in arbitration |
| Remainder of title | report from the ICC Commission on Arbitration |
| Medium | [electronic resource] |
| 260 ## - PUBLICATION, DISTRIBUTION, ETC. | |
| Place of publication, distribution, etc. | Paris |
| -- | London |
| Name of publisher, distributor, etc. | ICC |
| Date of publication, distribution, etc. | 2007 |
| 520 ## - SUMMARY, ETC. | |
| Summary, etc. | Suggests ways of improving the efficiency of arbitration proceedings, making savings in both time and expense. Stresses the importance of avoiding repetition when presenting arguments and ensuring that witness statements are succinct. Makes recommendations on the timing of case-management conferences so that the parties and tribunal can sufficiently prepare for the issues raised in a case. Also offers advice on drafting arbitration agreements and initiating the proceedings. |
| 590 ## - LOCAL NOTE (RLIN) | |
| Local note | KA |
| 651 #4 - SUBJECT ADDED ENTRY--GEOGRAPHIC NAME | |
| Geographic name | International |
| 690 ## - LOCAL SUBJECT ADDED ENTRY--TOPICAL TERM (OCLC, RLIN) | |
| Topical term or geographic name as entry element | MANAGEMENT-DISPUTE AVOIDANCE, MANAGEMENT AND RESOLUTION-DISPUTE MANAGEMENT AND RESOLUTION-ARBITRATION |
| 856 40 - ELECTRONIC LOCATION AND ACCESS | |
| Uniform Resource Identifier | <a href="https://www.iccwbo.org/court/arbitration/id4111/index.html">https://www.iccwbo.org/court/arbitration/id4111/index.html</a> |
| Public note | View the item free of charge at www.iccwbo.org... |
| 942 ## - ADDED ENTRY ELEMENTS (KOHA) | |
| Suppress in OPAC | 0 |
| Withdrawn status | Lost status | Source of classification or shelving scheme | Damaged status | Not for loan | Home library | Current library | Shelving location | Date acquired | Total Checkouts | Full call number | Barcode | Date last seen | Copy number | Price effective from | Koha item type |
|---|---|---|---|---|---|---|---|---|---|---|---|---|---|---|---|
| Dewey Decimal Classification | Virtual | Virtual | Online | 08/10/2007 | ONLINE PUBLICATION | 140721-1001 | 06/08/2019 | 1 | 06/08/2019 | Book |